[Event "Warsaw YMCA Autumn-D 193rd"]
[Site "Warsaw"]
[Date "2017.12.12"]
[Round "13"]
[White "Jaroszuk, Marcin"]
[Black "Papis, Mateusz"]
[Result "1-0"]
[WhiteElo "1177"]
[BlackElo "1219"]
[PlyCount "109"]
[EventDate "2017.09.19"]
[EventType "tourn"]
[EventRounds "13"]
[EventCountry "POL"]
[SourceTitle "EXT 2019"]
[Source "ChessBase"]
[SourceDate "2018.10.10"]
[SourceVersion "1"]
[SourceVersionDate "2018.10.10"]
[SourceQuality "1"]

1. Nf3 Nf6 2. g3 g6 3. Bg2 Bg7 4. 0-0 0-0 5. c4 c5 6. Nc3 Nc6 7. d4 cxd4 8. Nxd4 Nxd4 9. Qxd4 d6 10. Qh4 h5 11. Bg5 Re8 12. Rad1 Qc7 13. Rd3 Be6 14. Nd5 Nxd5 15. cxd5 Bc8 16. Rc1 Qa5 17. Bxe7 Bxb2 18. Rcd1 Qc7 19. Re3 Bf5 20. Bf3 Bc1 21. Bf6 Rxe3 22. fxe3 Bxe3+ 23. Kg2 Qc2 24. Rf1 Qd2 25. Bxh5 gxh5 26. Rxf5 Qxe2+ 27. Kh3 Qg4+ 28. Qxg4+ hxg4+ 29. Kxg4 Kh7 30. Bg5 Bxg5 31. Kxg5 Rg8+ 32. Kf6 Rf8 33. Rg5 b5 34. Rg7+ Kh6 35. Rxf7 Rxf7+ 36. Kxf7 a5 37. Ke6 b4 38. Kxd6 a4 39. Kc5 b3 40. axb3 axb3 41. d6 b2 42. d7 b1Q 43. d8Q Qc2+ 44. Kd6 Qg6+ 45. Ke7 Qg7+ 46. Ke8 Qg8+ 47. Ke7 Qg7+ 48. Ke6 Qg4+ 49. Kf7 Qg6+ 50. Ke7 Qg5+ 51. Kd7 Qf5+ 52. Kc6 Qc2+ 53. Kb7 Qh7+ 54. Qc7 Qg6 55. Qc6 1-0

[Event "Warsaw YMCA Autumn-D 193rd"]
[Site "Warsaw"]
[Date "2017.09.28"]
[Round "2"]
[White "Oles, Jan"]
[Black "Papis, Mateusz"]
[Result "1-0"]
[WhiteElo "1251"]
[BlackElo "1219"]
[PlyCount "117"]
[EventDate "2017.09.19"]
[EventType "tourn"]
[EventRounds "13"]
[EventCountry "POL"]
[SourceTitle "EXT 2019"]
[Source "ChessBase"]
[SourceDate "2018.10.10"]
[SourceVersion "1"]
[SourceVersionDate "2018.10.10"]
[SourceQuality "1"]

1. e4 e5 2. Nf3 Nf6 3. d3 Nc6 4. h3 Bc5 5. Bg5 h6 6. Bh4 g5 7. Bg3 d6 8. h4 g4 9. Nh2 h5 10. c3 Be6 11. Be2 Qe7 12. b4 Bb6 13. a4 a6 14. Nd2 Qd7 15. b5 Na5 16. c4 Bd4 17. Rb1 b6 18. 0-0 Qc8 19. Nb3 Nxb3 20. Qxb3 a5 21. Kh1 Nd7 22. f4 f6 23. f5 Nc5 24. Qd1 Bf7 25. Re1 Qd7 26. Rc1 Be3 27. Ra1 Bd4 28. Ra2 0-0 29. Bxg4 hxg4 30. Nxg4 Be8 31. Ne3 Qg7 32. Bf2 Rd8 33. g4 c6 34. g5 fxg5 35. hxg5 Qh7+ 36. Kg1 Bh5 37. Ng4 Bxf2+ 38. Rxf2 Bxg4 39. Qxg4 cxb5 40. Rh2 Qc7 41. Qh5 Qg7 42. f6 Rxf6 43. Rg2 Rf4 44. g6 Rd7 45. d4 Nxe4 46. Qe2 Nc3 47. Qd2 b4 48. dxe5 Rf8 49. e6 Re7 50. Qxd6 Rfe8 51. Qxb6 Qf6 52. Qxa5 Qd4+ 53. Rf2 Qg4+ 54. Rg2 Qd4+ 55. Rf2 Qxc4 56. Qf5 Qc7 57. Qf7+ Kh8 58. g7+ Kh7 59. g8Q+ 1-0

[Event "Warsaw YMCA Spring-D 185th"]
[Site "Warsaw"]
[Date "2017.05.30"]
[Round "10"]
[White "Wasilewski, Orhan"]
[Black "Papis, Mateusz"]
[Result "0-1"]
[WhiteElo "1283"]
[BlackElo "1207"]
[PlyCount "62"]
[EventDate "2017.04.06"]
[EventType "tourn"]
[EventRounds "13"]
[EventCountry "POL"]
[SourceTitle "EXT 2019"]
[Source "ChessBase"]
[SourceDate "2018.10.10"]
[SourceVersion "1"]
[SourceVersionDate "2018.10.10"]
[SourceQuality "1"]

1. e4 e5 2. d4 exd4 3. c3 dxc3 4. Nxc3 Bb4 5. Bc4 Bxc3+ 6. bxc3 Qe7 7. Qc2 Nc6 8. Nf3 h6 9. 0-0 Nf6 10. e5 Ng4 11. Bf4 0-0 12. Rfe1 d6 13. exd6 Qf6 14. Qd2 cxd6 15. Bxd6 Rd8 16. Rad1 Qg6 17. h3 Nf6 18. Qf4 Bxh3 19. g3 Nh5 20. Qh4 Bg4 21. Bd3 f5 22. Bc4+ Kh8 23. Re6 Nf6 24. Rd3 f4 25. Ne5 Nxe5 26. Rxe5 Rac8 27. Rd4 Rxc4 28. Rxc4 Rxd6 29. Rc7 Qb1+ 30. Kg2 f3+ 31. Kh2 Qf1 0-1

[Event "Warsaw YMCA Spring-D 185th"]
[Site "Warsaw"]
[Date "2017.05.26"]
[Round "7"]
[White "Kuznik, Kamil"]
[Black "Papis, Mateusz"]
[Result "1-0"]
[WhiteElo "1298"]
[BlackElo "1207"]
[PlyCount "81"]
[EventDate "2017.04.06"]
[EventType "tourn"]
[EventRounds "13"]
[EventCountry "POL"]
[SourceTitle "EXT 2019"]
[Source "ChessBase"]
[SourceDate "2018.10.10"]
[SourceVersion "1"]
[SourceVersionDate "2018.10.10"]
[SourceQuality "1"]

1. d4 c5 2. e4 cxd4 3. Qxd4 Nc6 4. Qa4 e6 5. Nf3 Nf6 6. Bd3 d5 7. e5 Nd7 8. Nc3 Nc5 9. Qg4 Nxd3+ 10. cxd3 h6 11. 0-0 a6 12. Bd2 Bd7 13. Rfc1 Ne7 14. Nd4 Ng6 15. Qg3 Qb6 16. Nb3 Be7 17. Be3 Qd8 18. Nc5 Qc8 19. N3a4 Bxa4 20. Nxa4 Qd8 21. Nb6 Rb8 22. Na4 Bh4 23. Qg4 0-0 24. Bb6 Qe8 25. Bc7 f5 26. exf6 Rc8 27. Nb6 Rxf6 28. Nxc8 Bxf2+ 29. Kh1 Qxc8 30. Be5 Qe8 31. Bxf6 gxf6 32. Rf1 Bh4 33. g3 Bg5 34. h4 Be3 35. h5 f5 36. Qxg6+ Qxg6 37. hxg6 Kg7 38. Rae1 d4 39. Rf3 Kxg6 40. Rfxe3 dxe3 41. Rxe3 1-0

[Event "Warsaw YMCA Spring-D 185th"]
[Site "Warsaw"]
[Date "2017.05.05"]
[Round "5"]
[White "Delikat, Adam"]
[Black "Papis, Mateusz"]
[Result "1-0"]
[WhiteElo "1238"]
[BlackElo "1207"]
[PlyCount "45"]
[EventDate "2017.04.06"]
[EventType "tourn"]
[EventRounds "13"]
[EventCountry "POL"]
[SourceTitle "EXT 2019"]
[Source "ChessBase"]
[SourceDate "2018.10.10"]
[SourceVersion "1"]
[SourceVersionDate "2018.10.10"]
[SourceQuality "1"]

1. e4 e5 2. Nf3 Nf6 3. Nc3 Nc6 4. Bc4 Bc5 5. Nxe5 Nxe5 6. d4 Bb4 7. dxe5 Bxc3+ 8. bxc3 Nxe4 9. Qd5 0-0 10. Qxe4 Qe7 11. Bd3 g6 12. 0-0 Re8 13. Re1 Qd8 14. Bf4 d5 15. Qd4 b6 16. Bh6 c5 17. Qf4 c4 18. Be2 Bf5 19. Rad1 Rc8 20. Bf3 Rc5 21. Qd4 Be6 22. Qf4 Qc7 23. Qf6 1-0

[Event "Warsaw YMCA Spring-D 185th"]
[Site "Warsaw"]
[Date "2017.05.05"]
[Round "3"]
[White "Derylo, Adam"]
[Black "Papis, Mateusz"]
[Result "0-1"]
[WhiteElo "1196"]
[BlackElo "1207"]
[PlyCount "112"]
[EventDate "2017.04.06"]
[EventType "tourn"]
[EventRounds "13"]
[EventCountry "POL"]
[SourceTitle "EXT 2019"]
[Source "ChessBase"]
[SourceDate "2018.10.10"]
[SourceVersion "1"]
[SourceVersionDate "2018.10.10"]
[SourceQuality "1"]

1. e4 e5 2. Nf3 Nf6 3. Nxe5 d6 4. Nf3 Nxe4 5. Nc3 Nxc3 6. dxc3 Be7 7. Bf4 Nc6 8. Qd2 Bg4 9. 0-0-0 Qd7 10. Kb1 0-0-0 11. Bb5 a6 12. Bc4 Be6 13. Bd5 Rhf8 14. Be3 Bf6 15. Ng5 Bf5 16. Ne4 Be5 17. f4 Bxe4 18. Bxe4 Bf6 19. g3 Rde8 20. Bg2 g6 21. Rhe1 Bg7 22. Qd5 Re7 23. Bd4 Bxd4 24. cxd4 Rfe8 25. Rxe7 Rxe7 26. c3 Qg4 27. Kc2 Re2+ 28. Rd2 Re7 29. Bf3 Qd7 30. Qg5 Nd8 31. Re2 Rxe2+ 32. Bxe2 f5 33. Kd2 Qf7 34. b3 d5 35. g4 Ne6 36. Qh4 Nxf4 37. gxf5 Nxe2 38. Kxe2 gxf5 39. Kf3 Kd7 40. Qf4 Qe6 41. Qe5 Qxe5 42. dxe5 Ke6 43. Kf4 h6 44. h4 c5 45. h5 d4 46. cxd4 cxd4 47. a3 d3 48. Ke3 Kxe5 49. Kxd3 f4 50. a4 a5 51. Kd2 Ke4 52. Ke2 f3+ 53. Kf2 b6 54. Kf1 Ke3 55. Ke1 f2+ 56. Kf1 Kf3 0-1

[Event "Warsaw YMCA Winter-D 182nd"]
[Site "Warsaw"]
[Date "2017.02.10"]
[Round "6"]
[White "Papis, Mateusz"]
[Black "Oles, Jan"]
[Result "1-0"]
[WhiteElo "1214"]
[BlackElo "1221"]
[PlyCount "73"]
[EventDate "2017.01.10"]
[EventType "tourn"]
[EventRounds "13"]
[EventCountry "POL"]
[SourceTitle "EXT 2019"]
[Source "ChessBase"]
[SourceDate "2018.10.10"]
[SourceVersion "1"]
[SourceVersionDate "2018.10.10"]
[SourceQuality "1"]

1. e4 c5 2. Nf3 e6 3. c3 Nc6 4. d4 cxd4 5. cxd4 Qa5+ 6. Bd2 Qb6 7. Bc3 Bb4 8. a3 Bxc3+ 9. Nxc3 Nf6 10. e5 Ng4 11. Nb5 0-0 12. b4 a5 13. bxa5 Rxa5 14. Nd6 Ncxe5 15. Nxe5 Rxe5+ 16. Be2 Rxe2+ 17. Qxe2 Qxd4 18. Rd1 Qe5 19. Qxe5 Nxe5 20. 0-0 b5 21. Rfe1 Nc4 22. Nxb5 d5 23. a4 Bd7 24. Ra1 e5 25. Na3 Nxa3 26. Rxa3 e4 27. Rd1 Bc6 28. a5 Rd8 29. a6 d4 30. Rc3 Ba4 31. Rxd4 Rb8 32. Rc1 Bc2 33. a7 Ra8 34. Rxc2 f5 35. Rd7 f4 36. Rdc7 Rd8 37. Rc8 1-0

[Event "Warsaw YMCA Autumn-E 178th"]
[Site "Warsaw"]
[Date "2016.12.05"]
[Round "12"]
[White "Mezykowska, Emilia"]
[Black "Papis, Mateusz"]
[Result "0-1"]
[WhiteElo "1261"]
[BlackElo "1131"]
[PlyCount "92"]
[EventDate "2016.09.19"]
[EventType "tourn"]
[EventRounds "13"]
[EventCountry "POL"]
[SourceTitle "EXT 2019"]
[Source "ChessBase"]
[SourceDate "2018.10.10"]
[SourceVersion "1"]
[SourceVersionDate "2018.10.10"]
[SourceQuality "1"]

1. e4 e5 2. Nf3 Nc6 3. d4 exd4 4. Nxd4 Qf6 5. Be3 Bc5 6. c3 Nge7 7. g3 d6 8. Bg2 0-0 9. 0-0 Ne5 10. h3 Rd8 11. f4 Nc4 12. Qe2 Nxe3 13. Qxe3 Nc6 14. Rd1 Nxd4 15. cxd4 Bb6 16. Nc3 c5 17. Ne2 Be6 18. b3 Re8 19. e5 Qh6 20. Kh2 dxe5 21. dxe5 c4 22. Qc3 cxb3 23. axb3 Rac8 24. Qb4 Bg4 25. Nc3 Bxd1 26. Rxd1 a5 27. Qxb6 Qxb6 28. Nd5 Qxb3 29. Rd4 Rc2 30. Ne7+ Kf8 31. Nf5 a4 32. Rd7 b5 33. Kg1 Rxg2+ 34. Kxg2 Qc2+ 35. Kf3 Qxf5 36. Rb7 Ra8 37. g4 Qd3+ 38. Kg2 Qd5+ 39. Kf2 Qxb7 40. Kg3 Qh1 41. Kh4 Qe1+ 42. Kh5 g6+ 43. Kg5 Kg7 44. f5 Qe3+ 45. Kh4 g5+ 46. Kh5 Qxh3+ 0-1

[Event "Warsaw YMCA Autumn-E 178th"]
[Site "Warsaw"]
[Date "2016.10.19"]
[Round "7"]
[White "Papis, Mateusz"]
[Black "Oles, Jan"]
[Result "1-0"]
[WhiteElo "1131"]
[BlackElo "1208"]
[PlyCount "63"]
[EventDate "2016.09.19"]
[EventType "tourn"]
[EventRounds "13"]
[EventCountry "POL"]
[SourceTitle "EXT 2019"]
[Source "ChessBase"]
[SourceDate "2018.10.10"]
[SourceVersion "1"]
[SourceVersionDate "2018.10.10"]
[SourceQuality "1"]

1. e4 e5 2. Nf3 d6 3. Bc4 Be7 4. c3 Nf6 5. d3 c6 6. Be3 b5 7. Bb3 a5 8. a3 0-0 9. 0-0 c5 10. Qc2 Bb7 11. c4 b4 12. axb4 cxb4 13. c5 Nfd7 14. cxd6 Bxd6 15. Nbd2 Ba6 16. Bd5 Bxd3 17. Qxd3 Ra6 18. Bb7 Rb6 19. Bxb6 Qxb6 20. Nc4 Qxb7 21. Nxd6 Qb6 22. Nc4 Qc7 23. Rxa5 Nc5 24. Qd6 Rc8 25. Qxc7 Rxc7 26. Ra8 Nca6 27. Ncxe5 f6 28. Nd3 Rb7 29. Ra1 Kf7 30. R1xa6 Nxa6 31. Rxa6 Rd7 32. Nde5+ 1-0

[Event "Warsaw YMCA Autumn-E 178th"]
[Site "Warsaw"]
[Date "2016.10.14"]
[Round "4"]
[White "Rejniak, Wojciech"]
[Black "Papis, Mateusz"]
[Result "1-0"]
[WhiteElo "1258"]
[BlackElo "1131"]
[PlyCount "79"]
[EventDate "2016.09.19"]
[EventType "tourn"]
[EventRounds "13"]
[EventCountry "POL"]
[SourceTitle "EXT 2019"]
[Source "ChessBase"]
[SourceDate "2018.10.10"]
[SourceVersion "1"]
[SourceVersionDate "2018.10.10"]
[SourceQuality "1"]

1. Nf3 Nf6 2. d4 d5 3. c4 e6 4. Nc3 c6 5. e3 Bd6 6. c5 Bc7 7. Bd3 Nbd7 8. 0-0 e5 9. Nd2 e4 10. Bc2 0-0 11. f3 exf3 12. Qxf3 b6 13. b4 Re8 14. e4 Rf8 15. e5 Nxe5 16. dxe5 Bxe5 17. Qd3 Bxh2+ 18. Kxh2 Ng4+ 19. Kg1 Qh4 20. Qh3 Qxh3 21. gxh3 Ne3 22. Bd3 Nxf1 23. Bxf1 Re8 24. Nf3 Re6 25. Bd2 Rf6 26. Kf2 Bf5 27. Re1 Rd8 28. Bg5 bxc5 29. Bxf6 gxf6 30. bxc5 Rb8 31. Nd4 Bd7 32. Rb1 Ra8 33. Rb7 Be8 34. Rc7 a5 35. Na4 Kg7 36. Nb6 Rd8 37. Nxc6 Bxc6 38. Rxc6 d4 39. Rd6 Rc8 40. Nxc8 1-0